000 00527ntaaa2200193 4500
003 01
005 20251027202417.0
008 0714s1973 ag 01
040 _aAR-BaBN
_bspa
_cAR-BaBN
_eaacr
_dRIC
082 _a286.7000 G95
100 _aGullón, Isaías S
_922919
245 _aLa vox del colegio 1965
250 _a1 ed.
260 _aBuenos Aires :
_bCasa Editora Sudamericana,
_c1965
300 _a142 p
500 _aProspecto ilustrado del Colegio Adventista del Plata
650 _aadventtismo
_922920
942 _cBK
999 _c19021
_d19021